|
|
|
|
| LEADER |
01383nam a2200361 a 4500 |
| 001 |
000536370 |
| 003 |
CZ BrMZK |
| 005 |
20210301194103.0 |
| 007 |
ta |
| 008 |
000115s1999 xr e p 0 cze d |
| 015 |
|
|
|a cnb000982248
|
| 020 |
|
|
|a 80-7251-029-0
|
| 035 |
|
|
|a (OCoLC)85010972
|
| 040 |
|
|
|a BOA001
|b cze
|
| 072 |
|
7 |
|a 528
|x Geodezie. Kartografie
|2 Konspekt
|9 7
|
| 072 |
|
7 |
|a 37.016
|x Učební osnovy. Vyučovací předměty. Učebnice
|2 Konspekt
|9 22
|
| 080 |
|
|
|a 528.425
|2 MRF
|
| 080 |
|
|
|a 623.64
|2 MRF
|
| 080 |
|
|
|a (075.8)
|2 MRF
|
| 100 |
1 |
|
|a Hronek, Otakar
|7 jn20010309839
|4 aut
|
| 245 |
1 |
0 |
|a Topografie v policejní praxi /
|c Otakar Hronek, Libor Kovárník
|
| 250 |
|
|
|a 2. rozš. vyd.
|
| 260 |
|
|
|a Praha :
|b Policejní akademie České republiky,
|c 1999
|
| 300 |
|
|
|a 111 s. :
|b il., mapy ;
|c 29 cm
|
| 500 |
|
|
|a Určeno pro posl. Katedry profesní a tělesné přípravy. - Bibliogr.
|
| 650 |
0 |
7 |
|a topografie
|7 ph126691
|2 czenas
|
| 650 |
0 |
7 |
|a vojenská topografie
|7 ph316247
|2 czenas
|
| 655 |
|
7 |
|a učebnice vysokých škol
|7 fd133772
|2 czenas
|
| 700 |
1 |
|
|a Kovárník, Libor,
|d 1952-
|7 jn20010309840
|4 aut
|
| 710 |
2 |
|
|a Policejní akademie České republiky.
|b Katedra profesní a tělesné přípravy
|7 ko2002159767
|
| 910 |
|
|
|a BOA001
|b 4-1077.910
|
| 990 |
|
|
|a BK
|
| 996 |
6 |
|
|b 2610122800
|c 4-1077.910
|l MZK
|r Sklad / do 1 hodiny
|n 1
|p p.v.
|w 000536370
|u 000010
|a 1
|e BOA001
|j MZK50
|s P
|